Central Library OPAC University of Rajshahi

Theory of self-reproducing automata / (Record no. 50445)

MARC details
000 -LEADER
fixed length control field 00811nam a2200253 a 4500
001 - CONTROL NUMBER
control field 50445
003 - CONTROL NUMBER IDENTIFIER
rucl marc code BD-RjUL
005 - DATE AND TIME OF LATEST TRANSACTION
control field 20211209075517.0
008 - FIXED-LENGTH DATA ELEMENTS--GENERAL INFORMATION
fixed length control field 160827s1966 ilua b 00000 eng
035 ## - SYSTEM CONTROL NUMBER
System control number (BD-RjUL)50565
040 ## - CATALOGING SOURCE
Original cataloging agency ANL
Language of cataloging eng
Modifying agency ICU
Transcribing agency BD-RjUL
041 ## - LANGUAGE CODE
Language code of text/sound track or separate title eng
082 ## - DEWEY DECIMAL CLASSIFICATION NUMBER
Classification number 511.35
Author mark and year VOT 1966
100 1# - MAIN ENTRY--PERSONAL NAME
Personal name Von Neumann, John,
Dates associated with a name 1903-1957.
9 (RLIN) 151095
245 10 - TITLE STATEMENT
Title Theory of self-reproducing automata /
Statement of responsibility, etc. Edited and completed by Arthur W. Burks.
260 ## - PUBLICATION, DISTRIBUTION, ETC. (IMPRINT)
Place of publication, distribution, etc. Urbana :
Name of publisher, distributor, etc. University of Illinois Press,
Date of publication, distribution, etc. c1966.
300 ## - PHYSICAL DESCRIPTION
Pagination xix, 388 p. :
Illustrations ill. ;
Size 24 cm.
504 ## - BIBLIOGRAPHY, ETC. NOTE
Bibliography, etc Bibliography: p. 297-302.
650 #0 - SUBJECT ADDED ENTRY--TOPICAL TERM
Topical term or geographic name as entry element Machine theory.
9 (RLIN) 151147
700 1# - ADDED ENTRY--PERSONAL NAME
Personal name Burks, Arthur W.
Fuller form of name (Arthur Walter),
Dates associated with a name 1915-
Relator term ed.
942 ## - ADDED ENTRY ELEMENTS (KOHA)
Source of classification or shelving scheme Dewey Decimal Classification
Koha item type Books
Holdings
Lost status Source of classification or shelving scheme Damaged status Not for loan Collection code Permanent Location Current Location Shelving location Date acquired Source of acquisition Cost, normal purchase price Total Checkouts Full call number Date last seen Copy number Koha item type
  Dewey Decimal Classification     Non-fiction Central Library, University of Rajshahi Central Library, University of Rajshahi   19/11/1968 Zeitlinger 0.00   511.35 VOT 1966 27/08/2016 C-2 Books